|
|
|
|
| LEADER |
00000cam a2200000 i 4500 |
| 001 |
1/82000 |
| 008 |
050721s1968 gr | ||| |||| ||gre|| |
| 035 |
|
|
|l 10079412
|
| 040 |
|
|
|a GR-MY-UA
|b gre
|e aacr
|
| 041 |
0 |
|
|a gre
|
| 082 |
7 |
|
|a 889.3
|2 (22)
|
| 100 |
1 |
|
|a Δέλτα, Πηνελόπη Σ.,
|d 1874-1941.
|
| 245 |
1 |
4 |
|a Τον καιρό του Βουλγαροκτόνου /
|c Π. Σ. Δέλτα.
|
| 250 |
|
|
|a 10η έκδ.
|
| 260 |
|
|
|a Αθήνα :
|b Εστία,
|c [1968].
|
| 300 |
|
|
|a 440 σ. ;
|c 20 εκ.
|
| 650 |
0 |
0 |
|a Greek fiction.
|
| 650 |
0 |
0 |
|a Children's literature.
|
| 650 |
0 |
0 |
|a Greek literature, Modern.
|
| 852 |
|
|
|a INST
|b RHODES
|e 20050721
|h 889.3 ΔΕΛ
|p 005400035455
|q 005400035455
|t BK
|y 0
|
| 852 |
|
|
|a INST
|b RHODES
|c KRI
|e 20130724
|h 889.3 ΔΕΛ
|p 005400035456
|q 005400035456
|t BK
|y 0
|
| 901 |
|
|
|a BIBL4-2005-2
|
| 901 |
|
|
|a BIBL4-2013-2
|
| 909 |
|
|
|a Ρ
|b 121984
|
| 909 |
|
|
|a Ρ
|b 176985
|
| 970 |
|
|
|a ΚΟΖΑ
|b ΜΑΡΙΑ
|z 2005/07/21
|